UBT Library

The new Roget's thesaurus in dictionary form. (Record no. 43800)

000 -LEADER
fixed length control field 00592cam a2200217 a 4500
001 - CONTROL NUMBER
control field 2607350
005 - DATE AND TIME OF LATEST TRANSACTION
control field 20180301044059.0
008 - FIXED-LENGTH DATA ELEMENTS--GENERAL INFORMATION
fixed length control field 970723s1976 nyu d 000 0 eng
010 ## - LIBRARY OF CONGRESS CONTROL NUMBER
LC control number 97175521
020 ## - INTERNATIONAL STANDARD BOOK NUMBER
International Standard Book Number 042509975X
040 ## - CATALOGING SOURCE
Original cataloging agency DLC
Transcribing agency DLC
Modifying agency DLC
041 ## - LANGUAGE CODE
Language code of text/sound track or separate title eng
080 ## - UNIVERSAL DECIMAL CLASSIFICATION NUMBER
Universal Decimal Classification number 423.1 LEW
082 00 - DEWEY DECIMAL CLASSIFICATION NUMBER
Classification number 423.1 LEW
Edition number 21
100 ## - Rafti
Rafti 23
101 ## - Shkurtesa
Shkurtesa FJA
245 04 - TITLE STATEMENT
Title The new Roget's thesaurus in dictionary form.
906 ## - LOCAL DATA ELEMENT F, LDF (RLIN)
a 7
b cbc
c orignew
d 2
e ncip
f 19
g y-gencatlg
942 ## - ADDED ENTRY ELEMENTS (KOHA)
Source of classification or shelving scheme
Item type Books
Holdings
Withdrawn status Lost status Source of classification or shelving scheme Damaged status Not for loan Collection code Permanent location Current location Shelving location Date acquired Total Checkouts Full call number Barcode Date last seen Price effective from Koha item type
          Koleksioni i përgjithshem UBT - Lipjan UBT - Lipjan Koleksioni i përgjithshem 03/01/2018   423.1 LEW 002-3000401 03/01/2018 03/01/2018 Books
UBT Library © 2015-2024. All rights reserved University Education for Business and Technology